| 000 | 01015nas a2200337 4500 | ||
|---|---|---|---|
| 001 | BR0401821 | ||
| 003 | BR-BrBNA | ||
| 005 | 20231205104501.0 | ||
| 007 | ta | ||
| 008 | 230509b bl.|||p| |||| 00| 00por d | ||
| 040 |
_aBR-BrBNA _bpor _cBiblioteca Nacional de Agricultura |
||
| 041 | _a(Pt) | ||
| 072 | _aT01; P33; U10 | ||
| 100 | 1 | _aFortes, M. | |
| 100 | 1 | _aFerreira, W.R. | |
| 100 | 1 | _aCrespo, L.C.A. | |
| 100 | 1 | _aJunho, R.A.C. | |
| 245 | 1 | _aDispersão de contaminantes em solos não saturados mediante comparação entre metodologias de solução numérica por elementos finitos | |
| 650 | _aSOLO | ||
| 650 | _aPOLUENTE | ||
| 650 | _aDISPERSÃO | ||
| 650 | _aMÉTODO | ||
| 650 | _aESCOAMENTO | ||
| 650 | _aMODELO MATEMÁTICO | ||
| 650 | _aINFILTRAÇÃO | ||
| 650 | _aREFINAÇÃO | ||
| 650 | _aSATURAÇÃO | ||
| 773 | 0 |
_tEngenharia Agrícola (Brazil) _xISSN 0100-6916 _g(Sep-Dec 2003), v. 23(3) p. 477-485 _wBR0401821 |
|
| 909 |
_a202311 _bLúcia _c55 _dLúcia Elande |
||
| 942 |
_2AGRIS _n0 _cANA |
||
| 999 |
_c178357 _d178357 |
||